Aprendizaje cooperativo : teoría, investigación y práctica /
Obra sobre aprendizaje colaborativo que cubre dos objetivos. El primero es brindar información sobre qué que esta metodología funcione y cómo pude ser utilizada para que se logre, efectivamente, que todos los alumnos se beneficien de ella. El segundo es ofrecer una guía de las formas más utilizadas...
Guardado en:
| Hovedforfatter: | |
|---|---|
| Format: | Bog |
| Sprog: | spansk |
| Udgivet: |
Buenos Aires, Argentina :
Aique,
1999, c1999
|
| Serier: | (Carrera Docente)
|
| Fag: | |
| Tags: |
Ingen Tags, Vær først til at tagge denne postø!
|
MARC
| LEADER | 00000nam^a2200000^a^4500 | ||
|---|---|---|---|
| 001 | 000344131 | ||
| 005 | 20250521000000.0 | ||
| 009 | 20260310114642.403 | ||
| 020 | |a 950-701-566-3 | ||
| 037 | |a Acervo ITESO - Biblioteca | ||
| 041 | |a ESP | ||
| 082 | |a 370. 115 |b SLA | ||
| 100 | |a Slavin, Robert E. |e (autor) | ||
| 245 | 1 | 0 | |a Aprendizaje cooperativo : |b teoría, investigación y práctica / |c R.E. Slavin ; tr. por Miguel Wald. |
| 264 | 4 | |a Buenos Aires, Argentina : |b Aique, |c 1999, c1999 | |
| 300 | |a 223 p. | ||
| 336 | |a texto |b txt |2 rdacontenido | ||
| 337 | |a sin mediación |b n |2 rdamedio | ||
| 338 | |a volumen |b nc |2 rdasoporte | ||
| 440 | 1 | |a (Carrera Docente) | |
| 500 | |a Traducción de: Cooperative Learning: Theory, Research, and Practice | ||
| 520 | |a Obra sobre aprendizaje colaborativo que cubre dos objetivos. El primero es brindar información sobre qué que esta metodología funcione y cómo pude ser utilizada para que se logre, efectivamente, que todos los alumnos se beneficien de ella. El segundo es ofrecer una guía de las formas más utilizadas de aprendizaje colaborativo. | ||
| 649 | |a XX | ||
| 650 | |a Participación en Clase | ||
| 650 | |a Interacción en la Educación | ||
| 650 | |a Trabajo en Equipo - |x Tema Principal | ||
| 650 | |a Aprendizaje Colaborativo - |x Tema Principal | ||
| 650 | |a Aprendizaje | ||
| 650 | |a Metodología Educativa | ||
| 650 | |a Proceso Educativo | ||
| 650 | |a Educación | ||
| 910 | |a Fondo General | ||
| 920 | |a Impresos - Libros | ||
| 930 | |a Colección General | ||
| 905 | |a 101 | ||
| 901 | |a 0500234716 |b IT1 |c ACC |i D63712 |u 20250521 | ||
| 902 | |a https://opac.biblio.iteso.mx/vufind/Record/000344131 | ||